[Event "Campeonato Nacional da 1ª divisão"]
[Site "Torres Vedras"]
[Date "2011.07.28"]
[Round "6.6"]
[White "Andres Gonzalez, Alberto"]
[Black "Lanzani, Mario Lorenzo"]
[Result "1/2-1/2"]
[WhiteElo "2506"]
[BlackElo "2357"]
[PlyCount "29"]
[EventDate "2011.07.23"]

1. Nf3 d5 2. d4 c5 3. dxc5 e6 4. c4 Bxc5 5. a3 dxc4 6. Qxd8+ Kxd8 7. e3 a6 8.
Bxc4 b5 9. Be2 Bb7 10. b4 Bb6 11. Bb2 Nf6 12. O-O Nbd7 13. Nc3 Ke7 14. Rfd1
Rhd8 15. Nd4 1/2-1/2

[Event "Campeonato Nacional da 1ª divisão"]
[Site "Torres Vedras"]
[Date "2011.07.28"]
[Round "6.6"]
[White "Andrade, Bruno Miguel Rodrigu"]
[Black "Rego, Pedro Filipe Pinho"]
[Result "0-1"]
[WhiteElo "2104"]
[BlackElo "2112"]
[PlyCount "122"]
[EventDate "2011.07.23"]

1. e4 c5 2. Nf3 Nc6 3. d4 cxd4 4. Nxd4 g6 5. Nc3 Bg7 6. Be3 Nf6 7. Be2 O-O 8.
Nb3 a5 9. a4 Nb4 10. Bf3 d6 11. O-O Be6 12. Nd4 Bc4 13. Re1 Nd7 14. g3 Ne5 15.
Bg2 Qd7 16. h3 Ba6 17. b3 Nec6 18. Rc1 Rac8 19. Nd5 Nxd4 20. Nb6 Qe6 21. Nxc8
Rxc8 22. Bxd4 Bxd4 23. Qxd4 Nxc2 24. Qd5 Nxe1 25. Rxe1 Qxd5 26. exd5 Kf8 27.
Re4 Rc1+ 28. Kh2 Rc2 29. Kg1 Rb2 30. Re3 Rb1+ 31. Kh2 Rb2 32. Kg1 Ke8 33. Rc3
f5 34. g4 fxg4 35. hxg4 Be2 36. g5 Bg4 37. Kh2 Bf5 38. Kg3 Rd2 39. Bf1 Kd8 40.
Bc4 Be4 41. Kf4 Bxd5 42. Ke3 Rd1 43. Ke2 Rd4 44. Ke3 Re4+ 45. Kd3 Re5 46. f4
Bxc4+ 47. Rxc4 Rd5+ 48. Ke4 Rd1 49. Rc3 Rh1 50. Kd5 Kd7 51. Kc4 Kc6 52. Kd4+
Kb6 53. Kd5 Rf1 54. Rc4 Re1 55. Rc8 e5 56. Re8 Rd1+ 57. Ke6 exf4 58. Rf8 Rg1
59. Rxf4 Rxg5 60. Kxd6 h5 61. Rh4 Rg3 0-1

[Event "Campeonato Nacional da 1ª divisão"]
[Site "Torres Vedras"]
[Date "2011.07.28"]
[Round "6.6"]
[White "Rodrigues, César"]
[Black "Santos, João Artur Almeida d"]
[Result "1/2-1/2"]
[WhiteElo "1880"]
[BlackElo "1990"]
[PlyCount "38"]
[EventDate "2011.07.23"]

1. Nf3 Nf6 2. c4 e6 3. g3 c5 4. Bg2 Nc6 5. Nc3 a6 6. O-O Qc7 7. d3 d6 8. Nd2
Be7 9. Nde4 O-O 10. h3 Rb8 11. a4 Bd7 12. Bf4 Nb4 13. Bg5 Bc6 14. Be3 Rfd8 15.
Qb3 Nxe4 16. dxe4 Be8 17. Rfd1 Bf6 18. Rac1 Nc6 19. Qa3 Nd4 1/2-1/2

[Event "Campeonato Nacional da 1ª divisão"]
[Site "Torres Vedras"]
[Date "2011.07.28"]
[Round "6.7"]
[White "Rocha, Sérgio Manuel Colaço"]
[Black "Silva, Fernando Mário Pires"]
[Result "1/2-1/2"]
[WhiteElo "2412"]
[BlackElo "2364"]
[PlyCount "46"]
[EventDate "2011.07.23"]

1. Nf3 g6 2. d4 Nf6 3. c4 c5 4. d5 Bg7 5. Nc3 d6 6. e4 O-O 7. h3 e6 8. Bg5 h6
9. Be3 Re8 10. Qd2 exd5 11. exd5 Bf5 12. Be2 Ne4 13. Nxe4 Bxe4 14. O-O Bxf3 15.
Bxf3 Kh7 16. Rfe1 Nd7 17. Be2 Qf6 18. Rab1 b6 19. Bf1 Ne5 20. b3 Nd7 21. Bf4
Ne5 22. Be3 Nd7 23. Bf4 Ne5 1/2-1/2

[Event "Campeonato Nacional da 1ª divisão"]
[Site "Torres Vedras"]
[Date "2011.07.28"]
[Round "6.7"]
[White "Eggert, Alberto"]
[Black "Dâmaso, Rui"]
[Result "1/2-1/2"]
[WhiteElo "2161"]
[BlackElo "2371"]
[PlyCount "22"]
[EventDate "2011.07.23"]

1. Nf3 Nf6 2. g3 d5 3. Bg2 c6 4. b3 Bg4 5. Bb2 Nbd7 6. O-O e6 7. d3 Be7 8. Nbd2
O-O 9. Re1 Re8 10. Rf1 Rf8 11. Re1 Re8 1/2-1/2

[Event "Campeonato Nacional da 1ª divisão"]
[Site "Torres Vedras"]
[Date "2011.07.28"]
[Round "6.7"]
[White "Cruz, Paulo Alexandre Rosa"]
[Black "Ulyanovskyy, Volodimir  Viktorovi"]
[Result "0-1"]
[WhiteElo "2078"]
[BlackElo "2090"]
[PlyCount "108"]
[EventDate "2011.07.23"]

1. e4 c5 2. Nc3 d6 3. g3 Nc6 4. Bg2 g6 5. Nge2 Bg7 6. d3 e6 7. O-O Nge7 8. Be3
O-O 9. Qd2 Re8 10. g4 e5 11. g5 f5 12. gxf6 Bxf6 13. Bg5 Bxg5 14. Qxg5 Kg7 15.
Nd5 Nxd5 16. Qxd8 Rxd8 17. exd5 Nd4 18. Nxd4 exd4 19. Rfe1 Kf6 20. c4 dxc3 21.
bxc3 Bd7 22. Re3 Re8 23. Rae1 b5 24. Be4 Rab8 25. Rc1 a5 26. Re2 b4 27. f3 bxc3
28. Rxc3 Rb5 29. Kf2 Reb8 30. Ke3 Be8 31. Rc4 Rb2 32. Rcc2 Rxc2 33. Rxc2 Rb4
34. Rd2 h6 35. f4 Bf7 36. h4 Rd4 37. Rg2 Rb4 38. Rc2 Be8 39. Rg2 a4 40. Rf2 Bd7
41. Rc2 Bc8 42. Rc4 Bg4 43. Rc2 a3 44. Kd2 Bf5 45. Bf3 Rxf4 46. Ke3 Rxh4 47.
Rc3 Rh3 48. Rc4 h5 49. Kf2 Rh2+ 50. Bg2 Bh3 51. Kg3 Rxg2+ 52. Kxh3 Rd2 53. Re4
Rxd3+ 54. Kg2 Rxd5 0-1

[Event "Campeonato Nacional da 1ª divisão"]
[Site "Torres Vedras"]
[Date "2011.07.28"]
[Round "6.8"]
[White "Castro, Francisco Manuel Fer"]
[Black "Santos, Luis Manuel Coutinho"]
[Result "1/2-1/2"]
[WhiteElo "2105"]
[BlackElo "2369"]
[PlyCount "118"]
[EventDate "2011.07.23"]

1. e4 c5 2. Nf3 Nc6 3. d4 cxd4 4. Nxd4 Nf6 5. Nc3 d6 6. Bc4 e6 7. Be3 a6 8. Qe2
Qc7 9. Bb3 Na5 10. g4 b5 11. g5 Nd7 12. Bxe6 fxe6 13. Nxe6 Qc4 14. Qxc4 Nxc4
15. Nc7+ Kd8 16. Nxa8 Bb7 17. Bd4 Bxa8 18. O-O-O b4 19. Nd5 Bxd5 20. exd5 Be7
21. h4 Rf8 22. Bxg7 Rxf2 23. Rhf1 Rxf1 24. Rxf1 Ne3 25. Rf3 Ng2 26. Bf6 Bxf6
27. gxf6 Nxh4 28. Rh3 Ng6 29. Rxh7 Ngf8 30. Rf7 Ke8 31. Re7+ Kd8 32. Rf7 Ke8
33. Re7+ Kd8 34. Re4 a5 35. Re7 Nxf6 36. Ra7 N8d7 37. Ra6 Nxd5 38. Rxd6 N5b6
39. Rh6 Kc7 40. Rh5 Nc4 41. b3 Nce5 42. Kd2 Kd6 43. c3 bxc3+ 44. Kxc3 Nb6 45.
a3 Kd5 46. Rh6 Nc6 47. Rh5+ Ne5 48. Rh1 Kc5 49. b4+ axb4+ 50. axb4+ Kb5 51. Rh5
Nbd7 52. Kb3 Ka6 53. Rh6+ Kb5 54. Kc3 Nb6 55. Rh7 Nbd7 56. Re7 Ka6 57. Re8 Kb5
58. Ra8 Nc6 59. Ra1 Nxb4 1/2-1/2

[Event "Campeonato Nacional da 1ª divisão"]
[Site "Torres Vedras"]
[Date "2011.07.28"]
[Round "6.8"]
[White "Garcia Romero, Benjamin Abel"]
[Black "Pires, Gustavo Martins Pere"]
[Result "1/2-1/2"]
[WhiteElo "2255"]
[BlackElo "2050"]
[PlyCount "150"]
[EventDate "2011.07.23"]

1. d4 d5 2. c4 c6 3. Nf3 Nf6 4. e3 Bf5 5. Nc3 e6 6. Nh4 Bg6 7. Nxg6 hxg6 8. g4
dxc4 9. Bxc4 Qe7 10. h3 Nbd7 11. Qf3 Nb6 12. Bb3 a5 13. a3 Rd8 14. Bd2 g5 15.
Rc1 Qd7 16. Ne4 Nxe4 17. Bxa5 Ra8 18. Bxb6 Ra6 19. Qxe4 Rxb6 20. Rc3 Bd6 21.
Kf1 Kf8 22. Kg2 Be7 23. Qc2 Bd6 24. Bc4 Qe7 25. b4 Qf6 26. Be2 g6 27. Rc5 Kg7
28. Ra5 Kh7 29. Qe4 Kg7 30. Bc4 Rd8 31. h4 Re8 32. hxg5 Qd8 33. Re5 Rh8 34. Rh6
Rxh6 35. gxh6+ Kxh6 36. g5+ Kg7 37. Ra5 Qh8 38. f4 Qd8 39. Be2 Qe8 40. Qd3 Qh8
41. Qc3 Qe8 42. Qa1 Kg8 43. Rc5 Bxc5 44. dxc5 Rb5 45. Qc3 Qa8 46. Qb3 b6 47. a4
bxc5 48. axb5 cxb5+ 49. Bf3 Qa7 50. bxc5 Qxc5 51. Be2 b4 52. Bc4 Qc6+ 53. Kf2
Qd6 54. Qd3 Qb6 55. Qd4 Qc7 56. Ke2 Qb7 57. Bb3 Qa6+ 58. Kd2 Qb7 59. Kd3 Qb5+
60. Qc4 Qd7+ 61. Ke4 Qb7+ 62. Kd3 Qd7+ 63. Qd4 Qb5+ 64. Bc4 Qa5 65. Kc2 Qa3 66.
Kd2 Qa5 67. Bb3 Qa8 68. Qxb4 Qg2+ 69. Kc3 Qc6+ 70. Qc4 Qf3 71. Qd4 Qc6+ 72. Bc4
Qa8 73. Qd6 Qa1+ 74. Kc2 Qa4+ 75. Kb2 Qxc4 1/2-1/2

[Event "Campeonato Nacional da 1ª divisão"]
[Site "Torres Vedras"]
[Date "2011.07.28"]
[Round "6.8"]
[White "Andias, João Pedro Menezes"]
[Black "Gallardo Retortillo, Enrique"]
[Result "1/2-1/2"]
[WhiteElo "1891"]
[BlackElo "2149"]
[PlyCount "66"]
[EventDate "2011.07.23"]

1. e4 e6 2. d3 d5 3. Nd2 Nf6 4. Ngf3 b6 5. exd5 exd5 6. d4 Bd6 7. Bd3 O-O 8.
O-O Bg4 9. Re1 c6 10. Nf1 Qc7 11. h3 Bh5 12. Bg5 Nbd7 13. c3 Rae8 14. N1d2
Rxe1+ 15. Qxe1 Re8 16. Qf1 Ne4 17. Re1 f5 18. g4 fxg4 19. hxg4 Bxg4 20. Nxe4
dxe4 21. Rxe4 Bxf3 22. Rxe8+ Kf7 23. Qh3 Kxe8 24. Qxf3 Nf6 25. Bxh7 Nxh7 26.
Qe4+ Kf8 27. Qxh7 Qd7 28. Qh8+ Kf7 29. Qh5+ Kg8 30. Qf3 Qe6 31. Be3 Qg6+ 32.
Kf1 Qb1+ 33. Kg2 Qg6+ 1/2-1/2

[Event "Campeonato Nacional da 1ª divisão"]
[Site "Torres Vedras"]
[Date "2011.07.28"]
[Round "6.8"]
[White "Gómez Gómez, Francisco Javier"]
[Black "Aguiar, Henrique Rui Neves"]
[Result "1-0"]
[WhiteElo "2129"]
[BlackElo "1938"]
[PlyCount "43"]
[EventDate "2011.07.23"]

1. Nf3 Nf6 2. b3 g6 3. Bb2 Bg7 4. e3 O-O 5. c4 d6 6. d4 Nbd7 7. Be2 e5 8. Nc3
Qe7 9. Qc2 e4 10. Nd2 Re8 11. g4 h6 12. h4 Nb6 13. g5 hxg5 14. hxg5 Nh7 15.
Ncxe4 Nxg5 16. Nxg5 Qxg5 17. O-O-O c6 18. Rdg1 Qe7 19. Bd3 d5 20. Bxg6 fxg6 21.
Qxg6 Nd7 22. Rh7 1-0

[Event "Campeonato Nacional da 1ª divisão"]
[Site "Torres Vedras"]
[Date "2011.07.29"]
[Round "7.1"]
[White "Buhmann, Rainer"]
[Black "Appel, Ralf"]
[Result "1-0"]
[WhiteElo "2582"]
[BlackElo "2522"]
[PlyCount "83"]
[EventDate "2011.07.23"]

1. Nf3 Nf6 2. c4 e6 3. g3 b6 4. Bg2 Bb7 5. O-O c5 6. Nc3 Be7 7. d4 cxd4 8. Qxd4
d6 9. Rd1 a6 10. Bg5 Nbd7 11. Nd2 Bxg2 12. Kxg2 O-O 13. Nde4 Qc7 14. Rac1 Rfd8
15. f3 h6 16. Be3 Rab8 17. b3 Nc5 18. Bxh6 Ne8 19. Be3 f5 20. Nf2 Bf6 21. Qd2
Qe7 22. h4 Nd7 23. Nd3 Ne5 24. Nf4 Qf7 25. a4 Nd7 26. h5 Nc5 27. Qa2 Bg5 28.
Bd2 a5 29. Nb5 Nf6 30. Qc2 Nxh5 31. Nxh5 Qxh5 32. Rh1 Qg6 33. Bxg5 Qxg5 34. Rh4
Rbc8 35. Rch1 Qe3 36. g4 Kf7 37. gxf5 Qg5+ 38. Rg4 Qxf5 39. Qd2 e5 40. Nxd6+
Kf6 41. Rh6+ g6 42. Qd5 1-0

[Event "Campeonato Nacional da 1ª divisão"]
[Site "Torres Vedras"]
[Date "2011.07.29"]
[Round "7.1"]
[White "Swinkels, Robin"]
[Black "Spraggett, Kevin"]
[Result "1/2-1/2"]
[WhiteElo "2483"]
[BlackElo "2573"]
[PlyCount "86"]
[EventDate "2011.07.23"]

1. c4 e6 2. g3 f5 3. Bg2 Nf6 4. Nf3 d5 5. O-O c6 6. d3 Bd6 7. Nc3 O-O 8. e4
dxe4 9. dxe4 e5 10. Qc2 fxe4 11. Ng5 h6 12. c5 Be7 13. Qb3+ Nd5 14. Ngxe4 Na6
15. Rd1 Nxc5 16. Nxc5 Bxc5 17. Nxd5 Bxf2+ 18. Kh1 Be6 19. Nc3 Bxb3 20. Rxd8
Raxd8 21. axb3 Bb6 22. Ra4 Bd4 23. Nd1 Bb6 24. Nc3 Rf2 25. Re4 Rc2 26. Re1 Bd4
27. Na4 b5 28. Be4 Rxc1 29. Rxc1 bxa4 30. bxa4 c5 31. b3 Kf7 32. Kg2 Ke6 33.
Rd1 Rb8 34. Bd3 e4 35. Re1 e3 36. Bc4+ Ke5 37. Rf1 Rb7 38. Kf3 h5 39. Ke2 g5
40. Rf7 Rxf7 41. Bxf7 h4 42. gxh4 gxh4 43. h3 Kf4 1/2-1/2

[Event "Campeonato Nacional da 1ª divisão"]
[Site "Torres Vedras"]
[Date "2011.07.29"]
[Round "7.1"]
[White "Heberla, Bartlomiej Zdzilaw"]
[Black "Hennig, Dirk"]
[Result "1/2-1/2"]
[WhiteElo "2539"]
[BlackElo "2396"]
[PlyCount "118"]
[EventDate "2011.07.23"]

1. e4 g6 2. d4 Bg7 3. c4 d6 4. Nc3 c5 5. Nge2 Nc6 6. d5 Nd4 7. Be3 Nxe2 8. Bxe2
Bxc3+ 9. bxc3 Nf6 10. Qc2 Qa5 11. O-O Nd7 12. f4 Nb6 13. a4 Bd7 14. Rfb1 O-O
15. Bd3 e6 16. dxe6 Bxe6 17. Rb5 Qa6 18. Qb3 Rad8 19. a5 Bc8 20. Qd1 Nd7 21.
Bf2 Kg7 22. Bh4 f6 23. Rb2 h6 24. Rd2 g5 25. Bf1 Qc6 26. Rxd6 Qxe4 27. Bf2 Qxf4
28. Ra2 Qf5 29. Rad2 Rf7 30. Be2 Qe4 31. Bh5 Qxc4 32. Bxf7 Qxf7 33. Bxc5 Nxc5
34. Rxd8 Qc7 35. Qh5 Bd7 36. R2xd7+ Nxd7 37. Qe8 Qc5+ 38. Kh1 Nf8 39. h3 h5 40.
Rc8 Qa3 41. Qe3 Kh6 42. h4 Ng6 43. Rc4 Qa1+ 44. Kh2 Qxa5 45. Rc5 Qd8 46. hxg5+
fxg5 47. Qd4 Qb8+ 48. Kg1 Qe8 49. Qd2 Qe7 50. Rd5 h4 51. Rd7 Qe4 52. Rd6 a5 53.
Qd3 Qe8 54. Kh2 a4 55. c4 a3 56. Qxa3 Qe5+ 57. Kh1 Qe1+ 58. Kh2 Qe5+ 59. Kh1
Qe1+ 1/2-1/2

[Event "Campeonato Nacional da 1ª divisão"]
[Site "Torres Vedras"]
[Date "2011.07.29"]
[Round "7.1"]
[White "Hammes, Michael Florian"]
[Black "Butkiewicz, Lukasz"]
[Result "1/2-1/2"]
[WhiteElo "2391"]
[BlackElo "2435"]
[PlyCount "46"]
[EventDate "2011.07.23"]

1. d4 Nf6 2. c4 c5 3. d5 e6 4. Nc3 exd5 5. cxd5 d6 6. e4 g6 7. h3 Bg7 8. Nf3
O-O 9. Bd3 b5 10. Bxb5 Nxe4 11. Nxe4 Qa5+ 12. Nfd2 Qxb5 13. Nxd6 Qa6 14. N2c4
Nd7 15. O-O Ne5 16. Nxc8 Raxc8 17. Nxe5 Bxe5 18. Re1 Rfe8 19. Bg5 Bd4 20. Qd2
Qd6 21. Rxe8+ Rxe8 22. Rd1 Qxd5 23. Be3 Qxa2 1/2-1/2

[Event "Campeonato Nacional da 1ª divisão"]
[Site "Torres Vedras"]
[Date "2011.07.29"]
[Round "7.2"]
[White "Tivyakov, Sergey Nikolayevich"]
[Black "Camacho Collados, Marcos"]
[Result "1-0"]
[WhiteElo "2623"]
[BlackElo "2404"]
[PlyCount "91"]
[EventDate "2011.07.23"]

1. e4 e5 2. Bc4 Nf6 3. d3 Bc5 4. Nf3 Nc6 5. c3 O-O 6. b4 Bb6 7. a4 a6 8. O-O d6
9. Bb3 Ne7 10. Nbd2 Ng6 11. Nc4 Ba7 12. h3 Re8 13. Re1 h6 14. Be3 Bxe3 15. fxe3
d5 16. exd5 Nxd5 17. Qc2 Be6 18. a5 c6 19. Rf1 Qc7 20. e4 Ndf4 21. d4 f6 22.
Nb6 Rad8 23. d5 cxd5 24. exd5 Bf7 25. Rae1 e4 26. Nd4 Qe5 27. Ne6 Bxe6 28. Rxe4
Bf5 29. Rxe5 Rxe5 30. Qd1 Bd3 31. Rf2 Kh8 32. Kh2 Be4 33. g3 Nd3 34. Rd2 Rf5
35. Bc2 Nge5 36. Bxd3 Nxd3 37. Rxd3 Rf2+ 38. Kg1 Rg2+ 39. Kf1 Rh2 40. Rd2 Rh1+
41. Kf2 Rxd1 42. Rxd1 h5 43. c4 Bf5 44. h4 g5 45. Re1 gxh4 46. gxh4 1-0

[Event "Campeonato Nacional da 1ª divisão"]
[Site "Torres Vedras"]
[Date "2011.07.29"]
[Round "7.2"]
[White "Diogo, Vasco"]
[Black "Korneev, Oleg"]
[Result "0-1"]
[WhiteElo "2299"]
[BlackElo "2588"]
[PlyCount "70"]
[EventDate "2011.07.23"]

1. e4 c5 2. Nf3 e6 3. d4 cxd4 4. Nxd4 Nc6 5. Nxc6 bxc6 6. Bd3 Nf6 7. O-O d5 8.
exd5 cxd5 9. c4 Bd6 10. cxd5 Nxd5 11. Bb5+ Bd7 12. Bxd7+ Qxd7 13. Re1 O-O 14.
g3 Rfd8 15. Bg5 f6 16. Bd2 Rab8 17. Nc3 Rxb2 18. Nxd5 exd5 19. Bc3 Rb5 20. a4
Bb4 21. axb5 Bxc3 22. Ra3 Bxe1 23. Qxe1 d4 24. Qd2 d3 25. h4 h6 26. Kh2 Kh8 27.
Kg1 Qd4 28. Rb3 Qc4 29. Rb2 Re8 30. Rb4 Qd5 31. b6 axb6 32. Rxb6 Re2 33. Qd1
Qe4 34. Rb8+ Kh7 35. Rb1 d2 0-1

[Event "Campeonato Nacional da 1ª divisão"]
[Site "Torres Vedras"]
[Date "2011.07.29"]
[Round "7.3"]
[White "Galego, Luis Miguel Araújo B"]
[Black "Andrade, José Manuel Vieira"]
[Result "1-0"]
[WhiteElo "2474"]
[BlackElo "2249"]
[PlyCount "63"]
[EventDate "2011.07.23"]

1. d4 d5 2. Nf3 c6 3. g3 Bf5 4. Bg2 h6 5. O-O e6 6. Nbd2 Nf6 7. c4 Bd6 8. b3
Nbd7 9. Bb2 Qb8 10. Re1 Bh7 11. a4 a5 12. Qc1 O-O 13. Ba3 Bxa3 14. Qxa3 e5 15.
dxe5 Nxe5 16. Nxe5 Qxe5 17. cxd5 cxd5 18. Nf3 Qh5 19. Rac1 Rfe8 20. Qc5 Bf5 21.
Qb6 Bh3 22. Rc7 Re4 23. Bxh3 Qxh3 24. Rxf7 Rb4 25. Qc7 Nh5 26. Rd7 Rg4 27. e3
Kh7 28. Rf7 Ra6 29. Kh1 Nf6 30. Qe5 Rb6 31. Rxf6 gxf6 32. Qf5+ 1-0

[Event "Campeonato Nacional da 1ª divisão"]
[Site "Torres Vedras"]
[Date "2011.07.29"]
[Round "7.3"]
[White "Leite, Catarina dos Anjos d"]
[Black "Fernando, Diogo Brigido"]
[Result "1/2-1/2"]
[WhiteElo "2165"]
[BlackElo "2467"]
[PlyCount "78"]
[EventDate "2011.07.23"]

1. e4 c6 2. d4 d5 3. exd5 cxd5 4. Bd3 Nc6 5. c3 Qc7 6. Qf3 Nxd4 7. Qxd5 e5 8.
Nf3 Ne7 9. Bb5+ Nxb5 10. Qxb5+ Nc6 11. O-O Bd6 12. Nbd2 O-O 13. Nc4 a6 14. Qd5
Rd8 15. Nxd6 Rxd6 16. Qc4 Be6 17. Qe2 Bf5 18. Re1 Bd3 19. Qe3 Rad8 20. b3 e4
21. Ba3 Rh6 22. Rad1 Qb8 23. h3 exf3 24. Rxd3 Re6 25. Rxd8+ Qxd8 26. Qc1 Rxe1+
27. Qxe1 fxg2 28. Qe4 h6 29. Bc5 Qg5 30. Be3 Qh5 31. Kxg2 f5 32. Qf3 Qg6+ 33.
Kh2 Qe6 34. Kg2 Kh7 35. c4 Qg6+ 36. Qg3 Qe6 37. Qf3 Qg6+ 38. Qg3 Qe6 39. Qf3
Qg6+ 1/2-1/2

[Event "Campeonato Nacional da 1ª divisão"]
[Site "Torres Vedras"]
[Date "2011.07.29"]
[Round "7.3"]
[White "Vassalo Barroche, Maurício Flávio"]
[Black "Oliveira, Luis Fernando Fonsec"]
[Result "1-0"]
[WhiteElo "2416"]
[BlackElo "2118"]
[PlyCount "49"]
[EventDate "2011.07.23"]

1. Nf3 Nf6 2. c4 c6 3. d4 d5 4. e3 e6 5. b3 b6 6. Bd3 Be7 7. Bb2 Bb7 8. Nbd2
Nbd7 9. O-O O-O 10. Qe2 c5 11. Rad1 Rc8 12. Ne5 Qc7 13. f4 Rfd8 14. f5 Bd6 15.
fxe6 fxe6 16. Ndf3 Nf8 17. Ng5 Bxe5 18. dxe5 Ne4 19. Bxe4 dxe4 20. Rd6 Rxd6 21.
exd6 Qxd6 22. Qh5 Rc7 23. Be5 Qd8 24. Bxc7 Qxc7 25. Rxf8+ 1-0

[Event "Campeonato Nacional da 1ª divisão"]
[Site "Torres Vedras"]
[Date "2011.07.29"]
[Round "7.4"]
[White "Aguiar, Henrique Rui Neves"]
[Black "Cabezas Ayala, Iván Rafael"]
[Result "1/2-1/2"]
[WhiteElo "1938"]
[BlackElo "2336"]
[PlyCount "80"]
[EventDate "2011.07.23"]

1. e4 e5 2. Nf3 Nc6 3. Bb5 Nf6 4. Qe2 Be7 5. O-O d6 6. c3 Bd7 7. d3 O-O 8. Re1
Re8 9. Nbd2 Bf8 10. Nf1 h6 11. Ng3 g6 12. h3 Bg7 13. Qd1 Re7 14. Nh2 Kh7 15. h4
Na5 16. Bxd7 Qxd7 17. h5 d5 18. Qf3 Rd8 19. b3 dxe4 20. dxe4 Qc6 21. Bb2 Rd2
22. Re2 Red7 23. Nhf1 R2d3 24. Re3 Qd6 25. Rxd3 Qxd3 26. hxg6+ fxg6 27. Qxd3
Rxd3 28. Ne3 h5 29. Kf1 h4 30. Ke2 Rd7 31. Rh1 g5 32. f3 Kg6 33. Ngf5 Nh5 34.
Rd1 Nf4+ 35. Kf1 Rxd1+ 36. Nxd1 Bf8 37. g3 hxg3 38. Nxg3 Nc6 39. Bc1 Bc5 40.
Nf5 b5 1/2-1/2

[Event "Campeonato Nacional da 1ª divisão"]
[Site "Torres Vedras"]
[Date "2011.07.29"]
[Round "7.4"]
[White "Neves, Pedro"]
[Black "Valente, João"]
[Result "1/2-1/2"]
[WhiteElo "2198"]
[BlackElo "1581"]
[PlyCount "121"]
[EventDate "2011.07.23"]

1. g3 g6 2. Bg2 Bg7 3. c4 c5 4. Nc3 Nc6 5. Nf3 e5 6. O-O Nge7 7. Ne1 O-O 8. Nc2
d6 9. Ne3 Be6 10. Ned5 f5 11. a3 f4 12. d3 g5 13. e3 Ng6 14. Qh5 Qd7 15. Ne4
Bg4 16. Qxg5 f3 17. Bh1 Bh3 18. Ndf6+ Bxf6 19. Nxf6+ Rxf6 20. Qxf6 Bxf1 21.
Kxf1 Rf8 22. Qxf3 Rxf3 23. Bxf3 Qh3+ 24. Kg1 Na5 25. Bd2 Nb3 26. Rd1 Nxd2 27.
Rxd2 b6 28. Be4 Kg7 29. f3 Qh6 30. Re2 Qg5 31. Kf2 h5 32. h4 Qf6 33. Kg2 Ne7
34. Re1 Nf5 35. Kf2 Kf8 36. Ra1 Kg7 37. Rg1 Kf7 38. Ke2 Ke6 39. Kf2 Qh6 40. Re1
Kf6 41. Ba8 Qg7 42. Rg1 Kf7 43. Be4 Qf6 44. Ke2 Ke6 45. Kf2 Ne7 46. Rh1 Ng8 47.
Bd5+ Ke7 48. Bxg8 e4 49. dxe4 Qxb2+ 50. Kf1 Qg7 51. Bd5 Qxg3 52. e5 Qxe5 53.
Rg1 Qa1+ 54. Kf2 Qb2+ 55. Kg3 Qxa3 56. Kf4 Qb2 57. Rg5 Qh2+ 58. Kf5 a5 59. Rg7+
Kf8 60. Rg8+ Ke7 61. Rg7+ 1/2-1/2

[Event "Campeonato Nacional da 1ª divisão"]
[Site "Torres Vedras"]
[Date "2011.07.29"]
[Round "7.4"]
[White "Silva, Tiago Oscar Gaspar d"]
[Black "Andrada Andrada, Luís Javier"]
[Result "0-1"]
[WhiteElo "1547"]
[BlackElo "2221"]
[PlyCount "120"]
[EventDate "2011.07.23"]

1. e4 c5 2. Nf3 d6 3. d4 cxd4 4. Nxd4 Nf6 5. Nc3 g6 6. Be2 Bg7 7. Be3 Nc6 8. h3
O-O 9. Qd2 d5 10. exd5 Nxd5 11. Nxd5 Qxd5 12. Bf3 Qc4 13. Be2 Qd5 14. Bf3 Qc4
15. Be2 Qb4 16. c3 Qa5 17. Nxc6 bxc6 18. O-O Rd8 19. Qc1 Be6 20. Rd1 Rxd1+ 21.
Bxd1 c5 22. Bf3 Rd8 23. Qc2 h5 24. Be2 Bf6 25. Bf3 a6 26. Be2 h4 27. Qc1 c4 28.
Bf3 Qb5 29. Be4 Rb8 30. Bf4 Be5 31. Bxe5 Qxe5 32. Qc2 Rd8 33. Bf3 Qg5 34. Kf1
Rd2 35. Qc1 Bd5 36. Bxd5 Qxd5 37. Ke1 Rd3 38. f3 Qe5+ 39. Kf2 Qg3+ 40. Kf1 Qh2
41. Kf2 Qd6 42. Ke2 Rd5 43. Kf1 Rd2 44. Rb1 e5 45. Qe1 Qd3+ 46. Kg1 Qc2 47. Qf1
Rxg2+ 48. Qxg2 Qxb1+ 49. Kh2 Qxa2 50. Qe2 a5 51. Qxe5 Qxb2+ 52. Kh1 Qc1+ 53.
Kg2 Qd2+ 54. Kf1 a4 55. Qe8+ Kg7 56. Qe5+ Kh7 57. Qe7 Qf4 58. Qb4 Qxf3+ 59. Ke1
Qxh3 60. Qxc4 Qe6+ 0-1

[Event "Campeonato Nacional da 1ª divisão"]
[Site "Torres Vedras"]
[Date "2011.07.29"]
[Round "7.5"]
[White "Rego, Pedro"]
[Black "Ulyanovskyy, Viktor"]
[Result "1/2-1/2"]
[WhiteElo "2112"]
[BlackElo "2307"]
[PlyCount "80"]
[EventDate "2011.07.23"]

1. Nf3 c5 2. c4 Nc6 3. g3 g6 4. Bg2 Bg7 5. Nc3 e6 6. O-O Nge7 7. d3 O-O 8. a3
d5 9. cxd5 exd5 10. Bf4 h6 11. h4 Be6 12. Rc1 Kh7 13. Nb5 b6 14. d4 c4 15. b3
cxb3 16. Qxb3 Na5 17. Qb1 a6 18. Nc7 Bf5 19. Qxb6 Nc4 20. Rxc4 Rb8 21. Qxa6
dxc4 22. Qxc4 Rb2 23. Rc1 Be4 24. Ne5 Bxg2 25. Kxg2 Nf5 26. Rd1 Nd6 27. Qc6 Nf5
28. Nd7 Nxd4 29. Nxf8+ Qxf8 30. Qe8 Nxe2 31. Bd6 Qxe8 32. Nxe8 Nc3 33. Rd3 Bh8
34. Bc5 Ne4 35. Be3 Ra2 36. Rd7 Kg8 37. Rd8 Kh7 38. Rd7 Kg8 39. Rd8 Kh7 40. Rd7
Kg8 1/2-1/2

[Event "Campeonato Nacional da 1ª divisão"]
[Site "Torres Vedras"]
[Date "2011.07.29"]
[Round "7.5"]
[White "Ulyanovskyy, Volodimir "]
[Black "Rodrigues, César"]
[Result "1-0"]
[WhiteElo "2090"]
[BlackElo "1880"]
[PlyCount "81"]
[EventDate "2011.07.23"]

1. e4 c5 2. Nf3 e6 3. c4 a6 4. Nc3 Nc6 5. Be2 Qc7 6. O-O Nf6 7. d4 cxd4 8. Nxd4
Be7 9. Be3 O-O 10. Rc1 d6 11. Qd2 Nd7 12. f3 Nde5 13. Nd5 exd5 14. cxd5 Bd7 15.
dxc6 bxc6 16. f4 Ng6 17. Bf3 Qb7 18. Nf5 Be8 19. b3 Rd8 20. Rfd1 Nh4 21. Nxh4
Bxh4 22. Rc3 Be7 23. Rd3 Rc8 24. Qf2 Qb5 25. f5 g5 26. f6 Bd8 27. Rxd6 Bc7 28.
R6d3 Qe5 29. g3 Kh8 30. Bd4 Qe6 31. Qd2 Bd7 32. Bc5 Rfe8 33. Be7 Bb6+ 34. Kh1
g4 35. Bg2 c5 36. Rd6 Bb5 37. Qb2 Qxd6 38. Rxd6 c4 39. Re6 c3 40. Qc1 c2 41.
Rxb6 1-0

[Event "Campeonato Nacional da 1ª divisão"]
[Site "Torres Vedras"]
[Date "2011.07.29"]
[Round "7.6"]
[White "Santos, Luis Manuel Coutinho"]
[Black "Andres Gonzalez, Alberto"]
[Result "0-1"]
[WhiteElo "2369"]
[BlackElo "2506"]
[PlyCount "108"]
[EventDate "2011.07.23"]

1. c4 e5 2. Nc3 Nc6 3. Nf3 Nf6 4. e4 Bc5 5. Nxe5 Nxe5 6. d4 Bb4 7. dxe5 Nxe4 8.
Qf3 f5 9. Be2 Qe7 10. Bf4 b6 11. O-O Bxc3 12. bxc3 Bb7 13. Bd3 Nc5 14. Qe3 O-O
15. f3 Rae8 16. Rfe1 Qf7 17. Bf1 Re7 18. Qd2 Ba6 19. Qd4 Ne6 20. Qd2 Rfe8 21.
Be3 f4 22. Bf2 Nf8 23. Re4 Ng6 24. Rd4 c5 25. Rd6 Bxc4 26. e6 Bxe6 27. a4 Bc4
28. a5 Bxf1 29. Rxf1 Ne5 30. axb6 Nc4 31. Qd3 Nxd6 32. Qxd6 axb6 33. Qxb6 Qc4
34. Qxc5 Qxc5 35. Bxc5 Re1 36. g3 fxg3 37. hxg3 R8e2 38. Rxe1 Rxe1+ 39. Kf2 Re6
40. g4 g6 41. Bd4 Kf7 42. Kg3 Re2 43. g5 Ke6 44. Kf4 Kd5 45. Kg4 Re8 46. Kf4
Rf8+ 47. Ke3 Rf5 48. f4 Rf8 49. Kf3 Re8 50. Bf6 Re6 51. Bg7 Re1 52. Bd4 Rh1 53.
Be5 Rh3+ 54. Kg4 Re3 0-1

[Event "Campeonato Nacional da 1ª divisão"]
[Site "Torres Vedras"]
[Date "2011.07.29"]
[Round "7.6"]
[White "Andres Gonzalez, Ivan"]
[Black "Garcia Romero, Benjamin Abel"]
[Result "*"]
[WhiteElo "2331"]
[BlackElo "2255"]
[PlyCount "46"]
[EventDate "2011.07.23"]

1. Nf3 Nf6 2. g3 b5 3. Bg2 Bb7 4. O-O e6 5. d4 c5 6. c4 bxc4 7. Qa4 cxd4 8.
Qxc4 Qb6 9. Nxd4 Be7 10. Nc3 Bxg2 11. Kxg2 O-O 12. Rd1 Bc5 13. Nb3 Rc8 14. Nxc5
Rxc5 15. Qd3 Nd5 16. Nxd5 Rxd5 17. Qc4 Rc5 18. Qd4 d5 19. Qg4 Rc4 20. Qg5 Nc6
21. b3 h6 22. Qe3 Rc2 23. Qxb6 axb6 *